MARC

LEADER 00000nam0a2200000 4500
001 76006
005 20231031091252.0
035 |a (RuTPU)RU\TPU\book\81158 
090 |a 76006 
100 |a 20050407d1985 km y0rusy50 ca 
101 0 |a rus 
102 |a RU 
105 |a a z 001zy 
200 1 |a Парогенераторы, сепараторы и пароприемные устройства АЭС  |f Н. Г. Рассохин, В. Н. Мельников 
210 |a Москва  |c Энергоатомиздат  |d 1985 
215 |a 76 с.  |c ил. 
225 1 |a Библиотека эксплуатационника АЭС  |v Вып. 4 
320 |a Список литературы: с. 75 
610 1 |a парогенераторы 
610 1 |a сепараторы 
610 1 |a паросиловое оборудование 
610 1 |a атомные электрические станции 
610 1 |a АЭС 
610 1 |a характеристики 
610 1 |a конструкции 
610 1 |a газовые теплоносители 
675 |a 621.311.25  |v 3 
700 1 |a Рассохин  |b Н. Г.  |g Николай Георгиевич 
701 1 |a Мельников  |b В. Н.  |g Виктор Николаевич 
801 1 |a RU  |b 63413507  |c 20050407  |g PSBO 
801 2 |a RU  |b 63413507  |c 20161222  |g PSBO 
942 |c BK